| 000 | 01289cam a2200301 i 4500 | ||
|---|---|---|---|
| 001 | 4599559 | ||
| 005 | 19860318000000.0 | ||
| 008 | 761028r1978 nyua b 001 0 eng | ||
| 010 | _a 76050622 | ||
| 020 | _c$22.00 | ||
| 040 |
_aDLC _cDLC _dDLC |
||
| 050 | 1 | 0 |
_aTS967 _b.O34 1978 |
| 082 | 0 | 0 |
_a675.2 _222 _bCHE |
| 100 | 1 |
_aO'Flaherty, Fred, _eed. _96283 |
|
| 245 | 1 | 4 |
_aThe chemistry and technology of leather: _cedited by Fred O'Flaherty, Wlliam T. Roddy and Robert M. Lollar. _bVolume 1. peparation for tannage |
| 260 |
_aNew York : _bReinhold, _c1956 |
||
| 300 |
_a495 p. : _bill. ; _c24 cm. |
||
| 500 | _aReprint of the ed. published by Reinhold Pub. Corp., New York, which was issued as no. 134 of the American Chemical Society's Monograph series. | ||
| 504 | _aIncludes bibliographical references and index. | ||
| 505 | 1 | _av. 1. Preparation for tannage. | |
| 650 | 0 |
_aLeather _xAnalysis. _96284 |
|
| 650 | 0 |
_aLeather _xTesting. _96285 |
|
| 700 | 1 |
_aRoddy, William T. _96286 |
|
| 700 | 1 |
_aLollar, Robert M. _q(Robert Miller) _96287 |
|
| 830 | 0 |
_aMonograph series (American Chemical Society) ; _vno. 134. _96288 |
|
| 942 |
_2ddc _cBB |
||
| 999 |
_c11917 _d11917 |
||